[Event "Manizales op 30th"]
[Site "Manizales"]
[Date "2025.01.10"]
[Round "5"]
[White "Valencia Betancourth, Nicolas"]
[Black "Idarraga Cano, Alejandro"]
[Result "1-0"]
[WhiteElo "1600"]
[BlackElo "1661"]
[PlyCount "63"]
[EventDate "2025.01.08"]
[EventType "tourn"]
[EventRounds "7"]
[EventCountry "COL"]
[SourceTitle "CB03_2025"]
[SourceDate "2025.01.15"]
[SourceVersion "1"]
[SourceVersionDate "2025.01.15"]
[SourceQuality "1"]

1. e4 e6 2. d4 d5 3. exd5 exd5 4. Nf3 Bd6 5. Bd3 Bg4 6. Nbd2 Ne7 7. c3 Nd7 8. h3 Bh5 9. Nf1 Nf6 10. Ng3 Bg6 11. a4 Bxg3 12. fxg3 Bxd3 13. Qxd3 Ne4 14. Nd2 f5 15. 0-0 0-0 16. Kh2 Qd6 17. b3 Rf6 18. Ba3 c5 19. c4 b6 20. dxc5 bxc5 21. cxd5 Rg6 22. Rf3 Nc6 23. dxc6 Nxd2 24. Re3 Qxd3 25. Rxd3 Ne4 26. c7 Nd6 27. Bxc5 Nb7 28. Bxa7 Rc8 29. Rc1 Rd6 30. Rxd6 Nxd6 31. Bb8 Kf7 32. a5 1-0

[Event "Manizales op 30th"]
[Site "Manizales"]
[Date "2025.01.09"]
[Round "2"]
[White "Idarraga Cano, Alejandro"]
[Black "Betancur Florez, Daniela"]
[Result "0-1"]
[WhiteElo "1661"]
[BlackElo "1506"]
[PlyCount "62"]
[EventDate "2025.01.08"]
[EventType "tourn"]
[EventRounds "7"]
[EventCountry "COL"]
[SourceTitle "CB03_2025"]
[SourceDate "2025.01.15"]
[SourceVersion "1"]
[SourceVersionDate "2025.01.15"]
[SourceQuality "1"]

1. e4 c5 2. c3 Nc6 3. Nf3 g6 4. c4 Bg7 5. Nc3 e6 6. d3 Nge7 7. Bg5 0-0 8. Qc1 Re8 9. Be2 Nd4 10. Nxd4 cxd4 11. Nb5 d5 12. 0-0 dxe4 13. Qf4 Bd7 14. Nd6 Rf8 15. Nxe4 Bc6 16. Nf6+ Bxf6 17. Bxf6 Re8 18. g4 e5 19. Qg5 Qd6 20. f4 exf4 21. Rxf4 Nf5 22. c5 Qe6 23. Rxf5 Qxe2 24. Rf2 Qe3 25. Qh4 Re6 26. g5 Rae8 27. Qxd4 Qh3 28. Raf1 Re3 29. Qf4 Re1 30. Bd4 Rxf1+ 31. Rxf1 Qg2# 0-1

[Event "Manizales op 30th"]
[Site "Manizales"]
[Date "2025.01.09"]
[Round "3"]
[White "Palacio Zapata, Samuel David"]
[Black "Idarraga Cano, Alejandro"]
[Result "0-1"]
[WhiteElo "1600"]
[BlackElo "1661"]
[PlyCount "63"]
[EventDate "2025.01.08"]
[EventType "tourn"]
[EventRounds "7"]
[EventCountry "COL"]
[SourceTitle "CB03_2025"]
[SourceDate "2025.01.15"]
[SourceVersion "1"]
[SourceVersionDate "2025.01.15"]
[SourceQuality "1"]

1. d4 Nf6 2. Nf3 g6 3. Bf4 Bg7 4. h3 c6 5. Nc3 Qa5 6. Qd2 h5 7. e3 d5 8. Bd3 b5 9. a3 Nbd7 10. 0-0 Bb7 11. b4 Qd8 12. Rfe1 Nf8 13. e4 dxe4 14. Nxe4 Nxe4 15. Bxe4 Ne6 16. c3 Nxf4 17. Qxf4 Bh6 18. Qe5 0-0 19. Bxg6 fxg6 20. Qe6+ Rf7 21. Qxg6+ Bg7 22. Re2 Qd6 23. Re6 Qf4 24. Rf1 Qf5 25. Qxf5 Rxf5 26. Rxe7 Rf7 27. Re2 a5 28. Rfe1 axb4 29. axb4 Bc8 30. Re8+ Rf8 31. R8e2 Bf5 32. Ng5 0-1

[Event "Manizales op 28th"]
[Site "Manizales"]
[Date "2023.01.07"]
[Round "5"]
[White "Marin Trejos, Jaime Humberto"]
[Black "Idarraga Cano, Alejandro"]
[Result "1-0"]
[WhiteElo "1691"]
[BlackElo "1453"]
[PlyCount "39"]
[EventDate "2023.01.05"]
[EventType "swiss"]
[EventRounds "8"]
[EventCountry "COL"]
[SourceTitle "CBM 212 Extra"]
[Source "ChessBase"]
[SourceDate "2023.03.31"]
[SourceVersion "1"]
[SourceVersionDate "2023.03.31"]
[SourceQuality "1"]

1. e4 e6 2. Nc3 c5 3. d4 cxd4 4. Qxd4 Nc6 5. Qd1 a6 6. Nf3 Qb6 7. Be2 g6 8. 0-0 Bg7 9. Qe1 Nge7 10. a3 0-0 11. Na4 Qc7 12. Be3 b5 13. Nb6 Rb8 14. Nxc8 Rfxc8 15. c3 f5 16. Nd2 f4 17. Bc5 d6 18. Bg4 Rd8 19. Be3 Kh8 20. Nf3 1-0

[Event "Coliseo Department-ch"]
[Site "Coliseo"]
[Date "2020.12.13"]
[Round "7"]
[White "Idarraga Cano, Alejandro"]
[Black "Martinez Cardona, Cristian Andres"]
[Result "0-1"]
[WhiteElo "1398"]
[BlackElo "1983"]
[PlyCount "56"]
[EventDate "2020.12.11"]
[EventType "swiss"]
[EventRounds "7"]
[EventCountry "COL"]
[SourceTitle "EXT 2022"]
[Source "ChessBase"]
[SourceDate "2021.10.06"]
[SourceVersion "1"]
[SourceVersionDate "2021.10.06"]
[SourceQuality "1"]

1. e4 e5 2. Nf3 Nc6 3. Bc4 Bc5 4. c3 Nf6 5. d3 d6 6. h3 Be6 7. Bb5 a6 8. Ba4 b5 9. Bc2 d5 10. exd5 Nxd5 11. 0-0 Qd7 12. Ng5 Rd8 13. Qh5 Nf6 14. Qf3 Bd5 15. Ne4 Be7 16. Nbd2 Nxe4 17. Nxe4 f5 18. Rd1 Qc8 19. c4 fxe4 20. dxe4 Bxc4 21. Rxd8+ Nxd8 22. Qc3 Bf6 23. b3 Bf7 24. Ba3 Ne6 25. Rd1 c5 26. Qg3 0-0 27. Bc1 Nd4 28. Bb1 Ne2+ 0-1

[Event "Coliseo Department-ch"]
[Site "Coliseo"]
[Date "2020.12.12"]
[Round "5"]
[White "Idarraga Cano, Alejandro"]
[Black "Figeroa Salcedo, Reinaldo Arturo"]
[Result "1-0"]
[WhiteElo "1398"]
[BlackElo "1706"]
[PlyCount "60"]
[EventDate "2020.12.11"]
[EventType "swiss"]
[EventRounds "7"]
[EventCountry "COL"]
[SourceTitle "EXT 2022"]
[Source "ChessBase"]
[SourceDate "2021.10.06"]
[SourceVersion "1"]
[SourceVersionDate "2021.10.06"]
[SourceQuality "1"]

1. e4 c6 2. d4 d5 3. Nc3 e6 4. a3 dxe4 5. Nxe4 Nf6 6. Nxf6+ Qxf6 7. Nf3 h6 8. Bd2 Nd7 9. Bc3 Qf4 10. g3 Qc7 11. Bg2 Nf6 12. 0-0 Bd6 13. Re1 0-0 14. Ne5 Nd5 15. Bd2 Bxe5 16. dxe5 b5 17. Qg4 Kh8 18. c4 bxc4 19. Qxc4 a5 20. Rac1 Bb7 21. Qh4 f5 22. Be3 Nxe3 23. Rxe3 Rfd8 24. Qc4 Re8 25. Qc5 Ra6 26. Rd3 Rd8 27. Rd6 Rxd6 28. exd6 Qd7 29. Bf1 Ra8 30. Bg2 Ra7 1-0

[Event "COL-ch U1700"]
[Site "Pereira"]
[Date "2019.03.24"]
[Round "7"]
[White "Mesa, Francisco Sr"]
[Black "Idarraga Cano, Alejandro"]
[Result "1/2-1/2"]
[WhiteElo "1545"]
[BlackElo "1600"]
[PlyCount "40"]
[EventDate "2019.03.21"]
[EventType "swiss"]
[EventRounds "9"]
[EventCountry "COL"]
[SourceTitle "CBM 189 Extra"]
[Source "ChessBase"]
[SourceDate "2019.05.31"]
[SourceVersion "1"]
[SourceVersionDate "2019.05.31"]
[SourceQuality "1"]

1. e4 c5 2. Nf3 Nc6 3. d4 cxd4 4. Nxd4 e5 5. Nb5 d6 6. N1c3 a6 7. Na3 Nf6 8. Bd3 b5 9. Nd5 Be7 10. 0-0 0-0 11. Be3 Nxd5 12. exd5 Nb4 13. c4 Nxd3 14. Qxd3 b4 15. Nc2 Rb8 16. b3 f5 17. Qd1 Bg5 18. Bd2 Bxd2 19. Qxd2 Qb6 20. Qd1 Qc5 1/2-1/2

[Event "COL-ch U1700"]
[Site "Pereira"]
[Date "2019.03.23"]
[Round "4"]
[White "Idarraga Cano, Alejandro"]
[Black "Pena Mora, Carlos"]
[Result "1-0"]
[WhiteElo "1600"]
[BlackElo "1509"]
[PlyCount "21"]
[EventDate "2019.03.21"]
[EventType "swiss"]
[EventRounds "9"]
[EventCountry "COL"]
[SourceTitle "CBM 189 Extra"]
[Source "ChessBase"]
[SourceDate "2019.05.31"]
[SourceVersion "1"]
[SourceVersionDate "2019.05.31"]
[SourceQuality "1"]

1. Nf3 d5 2. d4 Nf6 3. Bg5 e6 4. e3 Be7 5. Bd3 Nbd7 6. Nbd2 h6 7. Bf4 a6 8. c4 c6 9. cxd5 cxd5 10. Rc1 b5 11. Bc7 1-0